The future for architects? (Record no. 112143)

MARC details
000 -LEADER
fixed length control field 00945cad a22001935a 4500
001 - CONTROL NUMBER
control field L152649
008 - FIXED-LENGTH DATA ELEMENTS--GENERAL INFORMATION
fixed length control field 110408s2011 xxk f 000 0 eng d
035 ## - SYSTEM CONTROL NUMBER
System control number (Sirsi) u152649
041 0# - LANGUAGE CODE
Language code of text/sound track or separate title eng
110 2# - MAIN ENTRY--CORPORATE NAME
Corporate name or jurisdiction name as entry element Royal Institute of British Architects
9 (RLIN) 2527
245 04 - TITLE STATEMENT
Title The future for architects?
Medium [electronic resource]
260 ## - PUBLICATION, DISTRIBUTION, ETC.
Place of publication, distribution, etc. London
Name of publisher, distributor, etc. RIBA
Date of publication, distribution, etc. 2011
520 ## - SUMMARY, ETC.
Summary, etc. Architects, designers, clients, consultants, students and graduates were consulted for this report; looks at propositions for 2025; asks who will design our built environment in 2025; what roles might those trained in architecture have in 2025? how might practice change by 2025?
590 ## - LOCAL NOTE (RLIN)
Local note KA NTK
651 #4 - SUBJECT ADDED ENTRY--GEOGRAPHIC NAME
Geographic name Europe
690 ## - LOCAL SUBJECT ADDED ENTRY--TOPICAL TERM (OCLC, RLIN)
Topical term or geographic name as entry element MANAGEMENT-BUSINESS MANAGEMENT-PROFESSIONAL PRACTICE
856 40 - ELECTRONIC LOCATION AND ACCESS
Uniform Resource Identifier <a href="https://www.buildingfutures.org.uk/assets/downloads/The_Future_for_Architects_Full_Report_2.pdf">https://www.buildingfutures.org.uk/assets/downloads/The_Future_for_Architects_Full_Report_2.pdf</a>
Public note View this item free of charge at www.buildingfutures.org.uk
942 ## - ADDED ENTRY ELEMENTS (KOHA)
Suppress in OPAC 0
Holdings
Withdrawn status Lost status Source of classification or shelving scheme Damaged status Not for loan Home library Current library Shelving location Date acquired Total Checkouts Full call number Barcode Date last seen Copy number Price effective from Koha item type
    Dewey Decimal Classification     Virtual Virtual Online 08/04/2011   ONLINE PUBLICATION L152649 06/08/2019 1 06/08/2019 Book